Rendelkezés lefoglalt ingókkal a kényszeregyességi eljárás során
Elmentve itt :
| Dokumentumtípus: | Cikk |
|---|---|
| Megjelent: |
1927
|
| Sorozat: | Polgári jog : a hazai és külföldi magánjog és hiteljog szemléje
3 |
| Kulcsszavak: | Polgári jog magyar |
| Online Access: | http://misc.bibl.u-szeged.hu/4639 |
| LEADER | 00592nab a2200157 i 4500 | ||
|---|---|---|---|
| 001 | misc4639 | ||
| 005 | 20191106142930.0 | ||
| 008 | 170607s1927 hu o 0|| hun d | ||
| 040 | |a SZTE Miscellanea Repozitórium |b hun | ||
| 041 | |a hun | ||
| 245 | 0 | 0 | |a Rendelkezés lefoglalt ingókkal a kényszeregyességi eljárás során |h [elektronikus dokumentum] |
| 260 | |c 1927 | ||
| 300 | |a 287-289a | ||
| 490 | 0 | |a Polgári jog : a hazai és külföldi magánjog és hiteljog szemléje |v 3 | |
| 695 | |a Polgári jog magyar | ||
| 856 | 4 | 0 | |u http://misc.bibl.u-szeged.hu/4639/1/polgari_jog_1927_287-289a.pdf |z Dokumentum-elérés |